Economics of Amartya Sen / (Record no. 123497)

MARC details
000 -LEADER
fixed length control field 00740nam a22002417a 4500
005 - DATE AND TIME OF LATEST TRANSACTION
control field 20170124105926.0
010 ## - LIBRARY OF CONGRESS CONTROL NUMBER
LC control number B-80003
020 ## - INTERNATIONAL STANDARD BOOK NUMBER
Terms of availability 00.00
035 ## - SYSTEM CONTROL NUMBER
System control number B-80003
037 ## - SOURCE OF ACQUISITION
Source of stock number/acquisition Cen Lib/Ret
040 ## - CATALOGING SOURCE
Original cataloging agency DPL
Language of cataloging EN
082 ## - DEWEY DECIMAL CLASSIFICATION NUMBER
Classification number 330.126
Item number ECO
245 ## - TITLE STATEMENT
Title Economics of Amartya Sen /
Statement of responsibility, etc edited by Ajit Kumar Sinha [and] Raj Kumar Sen
260 ## - PUBLICATION, DISTRIBUTION, ETC. (IMPRINT)
Place of publication, distribution, etc New Delhi
Name of publisher, distributor, etc Deep and Deep Publications
Date of publication, distribution, etc 2001
270 ## - ADDRESS
Address F-159, Rajouri Garden
City New Delhi
Postal code 110027
300 ## - PHYSICAL DESCRIPTION
Extent xx,268p.
Dimensions 21cm(Hb)
500 ## - GENERAL NOTE
General note Includes index
650 ## - SUBJECT ADDED ENTRY--TOPICAL TERM
Topical term or geographic name as entry element Economic history--ethics
9 (RLIN) 73080
650 ## - SUBJECT ADDED ENTRY--TOPICAL TERM
Topical term or geographic name as entry element Sen, Amartya,--1933-
9 (RLIN) 6497
700 ## - ADDED ENTRY--PERSONAL NAME
Personal name Sinha, Ajit Kumar
9 (RLIN) 6500
700 ## - ADDED ENTRY--PERSONAL NAME
Personal name Sen, Raj Kumar
9 (RLIN) 73081
942 ## - ADDED ENTRY ELEMENTS (KOHA)
Source of classification or shelving scheme Dewey Decimal Classification
Koha item type English Books
Classification part 330.126
Call number suffix ECO
Holdings
Withdrawn status Lost status Damaged status Not for loan Home library Current library Date acquired Source of acquisition Cost, normal purchase price Total Checkouts Full call number Barcode Date last seen Date checked out Copy number Cost, replacement price Price effective from Koha item type
        Central Library Central Library 08/06/2015 Cen Lib/Ret 0.00 1 330.126 ECO B-80003 19/04/2025 09/04/2025 1 0.00 08/06/2015 English Books

© Delhi Public Library
Hit Counter
free hit counter